| 000 | 01271nam a2200349 i 4500 | ||
|---|---|---|---|
| 001 | bg | ||
| 245 | 1 | 0 |
_aIlustrowany atlas historii Polski. _nT. 5, _pOkres II wojny światowej / _c[red. atlasu Witold Sienkiewicz, Elżbieta Olczak ; oprac. tekstów do map Konrad Banach, Jacek Chachaj, Witold Sienkiewicz ; oprac graf. i komputerowe map Kamila Kuna, Renata Laskowska, Katarzyna Wlazło]. |
| 246 | 3 | _iOkres drugiej wojny światowej | |
| 260 |
_aWarszawa : _bDemart, _c2007. |
||
| 300 |
_a1 atlas (119 s.) : _bil. (gł. kolor.) ; _c31 cm. |
||
| 650 | 9 | _aHistoria | |
| 651 | 9 |
_aPolska _xhistoria |
|
| 655 | _aWydawnictwa popularne | ||
| 655 | _aMapy | ||
| 700 | 1 |
_aSienkiewicz, Witold _d(1953- ). _eRed. |
|
| 700 | 1 |
_aOlczak, Elżbieta. _eRed. |
|
| 700 | 1 |
_aBanach, Konrad. _eAut. tekstu |
|
| 700 | 1 |
_aChachaj, Jacek. _eAut. tekstu |
|
| 700 | 1 |
_aKuna, Kamila. _eRed. |
|
| 700 | 1 |
_aLaskowska, Renata. _eRed. |
|
| 700 | 1 |
_aWlazło, Katarzyna. _eRed. |
|
| 020 | _a9788374272858 (całość) | ||
| 020 | _a9788374272902 (T. 5) | ||
| 040 | _cBPK | ||
| 041 | _apol | ||
| 044 | _aPOL | ||
| 080 | _a94(438)(02.025.2) | ||
| 920 | _a978-83-7427-285-8 (całość) | ||
| 920 | _a978-83-7427-290-2 (t. 5) | ||
| 942 | _cKS | ||
| 008 | s pl f |000 0 pol | ||
| 999 |
_c55487 _d55487 |
||
| 856 |
_uhttp://koha.tu.koszalin.pl/cgi-bin/koha/opac-detail.pl?biblionumber=55487 _yKatalog online BPK |
||